| 000 | 05386cam a22004814i 4500 | ||
|---|---|---|---|
| 003 | PE-LiUPU | ||
| 005 | 20250731173420.0 | ||
| 008 | 150706s r 000 0 d | ||
| 020 | _a9780825411168 | ||
| 035 | _a(Sirsi) i9780825411168 | ||
| 040 |
_aPE-LiUPU _bspa _cPE-LiUPU _erda |
||
| 049 | _aPRUA | ||
| 082 | 0 | 4 |
_a251.02 _bPP _221 |
| 100 | 1 |
_aCampbell, Roger F., _d1930- , _eautor. |
|
| 245 | 1 | 0 |
_aPredique por un año #3 : _b104 bosquejos de sermones. Dos bosquejos completos para cada domingo del año / _cRoger Campbell . |
| 264 | 1 |
_aGrand Rapids : _bEditorial Portavoz, _c1998. |
|
| 300 |
_a224 páginas ; _c22 cm. |
||
| 336 |
_atext _2rdacontent |
||
| 337 |
_aunmediated _2rdamedia |
||
| 338 |
_avolume _2rdacarrier |
||
| 490 | 0 | _aPredique por un año | |
| 505 | 0 | _aEnero -- Un año para construir -- Sígueme -- La gran comisión (empieza la serie acerca de misiones) -- ¿De qué se trata ser misionero? -- Ame a las misiones -- Una iglesia misionera poderosa -- Día de buenas nuevas -- Tiempo de cosecha (concluye la serie acerca de misiones) -- Febrero -- Comunión, gozo y perdón (empieza la serie en primera de Juan) -- Nuestro abogado -- De profesión a perfección -- ¿Amar o no amar? esa es la pregunta -- Palabras urgentes para los hijos -- La esperanza purificadora de Juan -- Por qué vino Jesús -- El gran círculo de amor de Dios -- Marzo -- La vida vencedora -- Preguntas acerca de la vida eterna (concluye la serie en primera de Juan) -- De la sinceridad a la certeza -- La cena del Señor: hasta que Él venga -- Pies limpios -- A Jerusalén -- No se halló culpa en Jesús (empieza la serie acerca de la cruz) -- La corona de espinas -- Abril -- Jugándose la ropa de Jesús -- El más admirable convertido a Cristo (concluye la serie acerca de la cruz) -- Ve y proclama las buenas nuevas (empieza la serie acerca de la resurrección) -- Digan a Pedro -- Verdaderamente el Señor ha resucitado -- El que vive para siempre -- La ascención de Jesucristo (concluye la serie acerca de la resurrección) -- El texta para todos nosotros -- Mayo -- Diríjase a las montañas -- Calla, enmudece -- La gran mujer de Dios -- "¿Que tienes, Agar?" -- ¡Sean fuertes! -- Firmes y adelante, soldados del Señor -- Jesús frente a una tumba -- En memoria del Maestro -- Junio -- La infalibre fórmula de Dios para el éxito -- El alto costo de estar perdido -- Dios quiere hacer un trato -- Preparándose para morir -- Conozca a Jairo, el gran padre -- Cómo agradar a Dios -- Hogar, dulce hogar -- Jesús de Nazaret está pasando -- Julio -- La escritura está en la pared -- "Nada" -- Farraón: hombre rebelde (empieza la serie de la esclavitud al Sinaí) -- Esperando en Dios -- Buenas noticias para un pueblo agobiado -- Las plagas comienzan -- Faraón y las ranas -- Condescendencias -- Agosto -- Día de la liberación -- Alimentándose de cordero -- El cruce del Mar Rojo -- El canto de los redimidos -- De la amargura a la bendición -- Aquellos que sostienen a otros -- Pan del cielo -- Cuando agua fluyó de una roca -- Septiembre -- Jetro encuentra a Jehová -- El plan de Jetro -- Buenas palabras (concluye la serie de la esclavitud al Sinaí) -- El Dios que está ahí -- Fortaleza para el día -- La fe derribó las murallas -- Un pasaje para corazones atribulados (empieza la serie acerca del cielo) -- La diferencia -- Octubre -- ¿Reconoceremos a nuestros seres queridos en el cielo? -- Matrimonio en el cielo -- No habrá más lágrimas (concluye la serie acerca del cielo) -- No -- Las metáforas de Cristo en Isaías -- Del engaño a la caridad -- Tres personas presentes hoy (comienza la serie acerca de la madurez) -- Lo que debemos saber para crecer -- Noviembre -- Cómo identificar a creyentes maduros -- Cómo crecer por medio de las pruebas -- El creyente maduro -- ¿Por qué madurar? -- El pastor y la iglesia (concluye la serie acerca de la madurez) -- Cómo llamar al varón de Dios -- Acción de gracias superficial -- Un hombre agradecido -- Diciembre -- Admirable (empieza la serie acerca del nacimiento de Cristo) -- Consejero -- Dios fuerte -- Padre eterno -- Príncipe de paz -- Las maravillas de la navidad -- Simeón y su secreto -- Rico y pobre (concluye la serie acerca del nacimiento de Cristo) -- Quintos domingos -- Trastonando al mundo -- Triunfantes en los problemas -- Lazos familiares -- La iglesia inconquistable -- Gloria a Dios -- Este hombre recibe a pecadores -- Grande es tu fidelidad -- El amor de Dios y nuestras pérdidas -- Índice de textos bíblicos. | |
| 526 | _aSEG42 | ||
| 526 | _aSEG41 | ||
| 526 | _aSEG40 | ||
| 526 | _aSEG39 | ||
| 526 | _aP94 | ||
| 526 | _aP87 | ||
| 526 | _aP86 | ||
| 526 | _aP85 | ||
| 526 | _aP77 | ||
| 526 | _aP76 | ||
| 526 | _aP35 | ||
| 541 | _g001-0000583; | ||
| 650 | 0 | 4 | _aSermones bíblicos. |
| 700 | 1 |
_aMesías, Miguel A., _etr. |
|
| 910 |
_agl _cjck _d20120610 |
||
| 942 |
_2ddc _cBOOK |
||
| 949 |
_a251.02 PP 3 _wDEWEY _c1 _i64917 _lCCODEBUL1 _mBUL _p13.00 _r0 _sY _tBOOK _u2015-7-6 _xTEOLOGIA _PP35 _o.STAFF. Colección General |
||
| 994 |
_aC0 _bPEPRU |
||
| 596 | _a1 | ||
| 999 |
_a251.02 PP 3 _wDEWEY _c53625 _i64917 _d53625 _e2018-4-10 _f2021-11-10 _g6 _lCCODEBUL1 _mBUL _n1 _p13.00 _q1 _r0 _sY _tBOOK _u2015-7-6 _xTEOLOGIA _PP35 _0COMPRA _o.STAFF. Colección General |
||
| 980 |
_81 _gALBERTO SANCHEZ Responsable de Automatización |
||